000 00668nam a2200205Ia 4500
003 GCL
008 140319s9999 xx 000 0 ara d
040 _aGCL /
_cGCL
082 0 4 _a270
_bم ن
100 1 _aمحمد سليم القاضلى
245 1 0 _aالنصرانية فى ميزان العقل والاسلام /
_cمحمد سليم القاضلى
700 1 _aنبيل حامد خضر
260 _aالاردن :
_bدار الكتاب ،
_c2003
300 _a527ص ؛
_c24 سم
650 0 4 _aالاسلام والمسيحية
650 0 4 _aالمسيح
650 0 4 _aالاسلام - دفع مطاعن
650 0 4 _aالمسيحية
942 _2ddc
_cBK
999 _c8409
_d8409